000 00798nas a2200277 4500
001 BR2011000626
003 BR-BrBNA
005 20231205114422.0
007 ta
008 230509b bl.|||p| |||| 00| 00por d
040 _aBR-BrBNA
_bpor
_cBiblioteca Nacional de Agricultura
041 _a(En)
072 _aH20
100 1 _aRodrigues, T.T.M.S.
100 1 _aMaffia, L.A.
100 1 _aDhingra, O.D.
100 1 _aMizubutti, E.S.G.
245 1 _aIn vitro production of conidia of Alternaria solani
650 _aFUNGO
650 _aALTERNARIA
650 _aPINTA PRETA
650 _aINFECÇÃO
773 0 _tTropical Plant Pathology (Brazil)
_xISSN 1982-5676
_g(Jul-Aug 2010), v. 35(4) p. 203-212
_wBR2011000626
909 _a202311
_bLúcia
_c55
_dLúcia Elande
942 _2AGRIS
_n0
_cANA
999 _c208681
_d208681